| 000 | 00472nam a22001457a 4500 | ||
|---|---|---|---|
| 003 | MACL | ||
| 005 | 20170530133126.0 | ||
| 008 | 170530b xxu||||| |||| 00| 0 eng d | ||
| 040 | _cMACL | ||
| 100 |
_aमुकेश नादान _967289 |
||
| 245 | _aशिकारी का शिकंजा | ||
| 260 |
_aनई दिल्ली _bहार्दिक प्रकाशन _c2011 |
||
| 650 |
_aबाल साहित्य _955186 |
||
| 942 |
_2ddc _cHIN |
||
| 999 |
_c56421 _d56421 |
||